Singularidad en la poesía de Manuel Ruiz Amezcua / (Record no. 181049)

MARC details
000 -LEADER
campo de control de longitud fija 01021nam a2200253 i 4500
001 - NÚMERO DE CONTROL
campo de control 181049
003 - IDENTIFICADOR DE NÚMERO DE CONTROL
campo de control ES-MaACL
005 - FECHA Y HORA DE LA ÚLTIMA TRANSACCIÓN
campo de control 20240530091613.0
008 - DATOS DE LONGITUD FIJA--INFORMACIÓN GENERAL
campo de control de longitud fija 121015s2010 sp | |||||||| | spa d
020 ## - NÚMERO INTERNACIONAL ESTÁNDAR DEL LIBRO
Número Internacional Estándar del Libro 978-84-8439-528-7
080 ## - NÚMERO DE LA CLASIFICACIÓN DECIMAL UNIVERSAL
Número de la Clasificación Decimal Universal 821.134.2 Ruiz Amezcua, Manuel 1.07
245 00 - MENCIÓN DEL TÍTULO
Título Singularidad en la poesía de Manuel Ruiz Amezcua /
Mención de responsabilidad, etc. edición corregida, revisada y aumentada por José Francisco Ruiz Casanova.
250 ## - MENCION DE EDICION
Mención de edición 4ª ed. corr. y aum.
260 ## - PUBLICACIÓN, DISTRIBUCIÓN, ETC.
Lugar de publicación, distribución, etc. Jaén :
Nombre del editor, distribuidor, etc. Publicaciones de la Universidad de Jaén,
Fecha de publicación, distribución, etc. 2010.
300 ## - DESCRIPCIÓN FÍSICA
Extensión 442 p. ;
Dimensiones 23 cm.
500 ## - NOTA GENERAL
Nota general Incluye (p. 327-425): una selección de poemas de Manuel Ruiz Amezcua.
504 ## - NOTA DE BIBLIOGRAFÍA, ETC.
Nota de bibliografía, etc. Bibliografía: p. [430]-442.
600 04 - PUNTO DE ACCESO ADICIONAL DE MATERIA--NOMBRE DE PERSONA
Nombre de persona Ruiz Amezcua, Manuel,
Fechas asociadas al nombre 1952-
9 (RLIN) 100652
700 1# - ENTRADA AGREGADA--NOMBRE PERSONAL
Nombre de persona Ruiz Casanova, José Francisco.
9 (RLIN) 100694
852 ## - LOCALIZACIÓN
Ubicación ES-MaACL
Número de control de estantería A-12264
itemnumber 187932
Sublocalización o colección R.147085
Ubicación en estantería Depósito 1
Signatura antigua Olim: N-5269
Encuadernación Donación: Real Academia Española
914 ## - NOMBRE ENTIDAD DE DONANTE
RLIN 6336
Nombre de congreso/reunión o jurisdicción como elemento de entrada Real Academia Española
Unidad subordinada Donante
942 ## - ELEMENTOS DE ENTRADA SECUNDARIOS (KOHA)
Fuente del sistema de clasificación o colocación Clasificación decimal universal
Tipo de ítem Koha Libro impreso
Holdings
Estatus retirado Estado de pérdida Fuente del sistema de clasificación o colocación Estado de daño No para préstamo Biblioteca de origen Biblioteca actual Ubicación en estantería Fecha de adquisición Fuente de adquisición Total de préstamos Signatura topográfica completa Código de barras Visto por última vez Precio de reemplazo Tipo de ítem Koha
    Clasificación decimal universal     Biblioteca del Ateneo de Madrid Biblioteca del Ateneo de Madrid Depósito 1 15/10/2012 Donación   A-12264 1190259 23/02/2023 23/02/2023 Libro impreso